000 00555nam a2200145Ia 4500
008 151213s9999 xx 000 0 und d
100 _aসুলতান আরেফীন।
245 _aহযরত বায়েজীদ বোস্তামী রহ: ।
_cসুলতান আরেফীন।
260 _aঢাকা
_bবাংলাদেশ তাজ কো: লি:।
_c2010
300 _a10985 p.
650 _aBangla
650 _aইসলামী বই
700 _aসুলতান আরেফীন।
999 _c4957
_d4957